[Event "Challenge"]
[Site "http://www.queenalice.com/game.php?id=1314324"]
[Date "2014.10.10"]
[Round "-"]
[White "MessiahG"]
[Black "mitchelli3131"]
[Result "1-0"]
[WhiteElo "1500"]
[BlackElo "1367"]

1. e4 e5 2. Bc4 Bc5 3. c3 Qf6 4. Qf3 Nh6 5. Qxf6 gxf6 6. d4 exd4 7. Bxh6 Bf8 8.
Bf4 dxc3 9. Nxc3 Bb4 10. Ne2 c6 11. O-O d6 12. Rad1 Nd7 13. Bxd6 Nb6 14. Bb3
Bxc3 15. Nxc3 Be6 16. Bxe6 fxe6 17. Bb4 Rd8 18. Rxd8+ Kxd8 19. Rd1+ Kc8 20. Be7
Nc4 21. Na4 Re8 22. Bxf6 b5 23. Nc5 Nxb2 24. Rd6 Kc7 25. Be5 Nd1 26. Rxd1+ Kc8
27. Rd6 Rf8 28. Rxc6+ Kd8 29. Rc7 Rg8 30. Nxe6+ Ke8 31. Bf6 Rf8 32. Re7# 1-0

[Event "Challenge"]
[Site "http://www.queenalice.com/game.php?id=1314325"]
[Date "2014.10.10"]
[Round "-"]
[White "mitchelli3131"]
[Black "MessiahG"]
[Result "0-1"]
[WhiteElo "1472"]
[BlackElo "1978"]

1. e4 c6 2. Nf3 e6 3. Bc4 d5 4. exd5 cxd5 5. Bb5+ Nc6 6. Nc3 Bd6 7. Qe2 Ne7 8.
Ng5 h6 9. Nf3 a6 10. Ba4 b5 11. Bb3 Qb6 12. d3 Bd7 13. a4 b4 14. Be3 d4 15. Ne4
Nf5 16. Nxd6+ Nxd6 17. Nd2 dxe3 18. fxe3 Nf5 19. Nc4 Qc7 20. Qh5 Ne5 21. e4 Nxc4
22. dxc4 Nd6 23. O-O O-O 24. e5 Nxc4 25. Rf4 Qxe5 26. Qxe5 Nxe5 27. Rd1 Rad8 28.
h4 Bc6 29. Rxd8 Rxd8 30. c4 bxc3 31. bxc3 Rd3 32. Bc2 Rxc3 33. Rf2 Nc4 34. Bd1
Rc1 35. Rc2 Rxd1+ 36. Kh2 Ne5 37. a5 Ra1 38. Rc5 f6 39. h5 Bb5 40. Rc8+ Kh7 41.
g3 Rxa5 42. Kh3 Ra4 43. Rc7 Rc4 44. Re7 Rc6 45. g4 a5 46. Kg3 a4 47. Kf4 a3 48.
Ra7 Ra6 49. Rc7 a2 50. Rc1 a1=Q 51. Rxa1 Rxa1 52. Ke4 Bd3+ 53. Ke3 Ra2 54. Kd4
Ra4+ 55. Kc5 Rxg4 56. Kd6 Bc4 57. Ke7 Rd4 58. Ke8 Nc6 59. Kf7 e5+ 60. Ke8 Rd8#
0-1

[Event "AUTO-OPEN-3357"]
[Site "http://www.queenalice.com/game.php?id=1315387"]
[Date "2014.10.14"]
[Round "1"]
[White "Mariahi"]
[Black "MessiahG"]
[Result "1-0"]
[WhiteElo "2125"]
[BlackElo "2088"]

1. f4 g6 2. Nf3 Bg7 3. e3 d5 4. Nc3 Nf6 5. b3 Ne4 6. Bb2 Bg4 7. Be2 c5 8. O-O
O-O 9. Qe1 Nc6 10. d3 Nd6 11. Rb1 Nb4 12. Qd2 Nf5 13. a3 Nxc2 14. Qxc2 Nxe3 15.
Qd2 Nxf1 16. Rxf1 a6 17. Ne5 Bf5 18. Re1 Qa5 19. Bf3 d4 20. Nb1 Qc7 21. Qc2 Rac8
22. Nd2 b5 23. Be4 Bxe4 24. Rxe4 f6 25. Nef3 f5 26. Re1 Qxf4 27. Rxe7 Rf7 28.
Rxf7 Kxf7 29. Bc1 Bh6 30. b4 Qe3+ 31. Kf1 Qe7 32. Nb3 Bxc1 33. Qxc1 Re8 34. Nxc5
Qe2+ 35. Kg1 Qe3+ 36. Qxe3 dxe3 37. Kf1 f4 38. Ke2 Rc8 39. g3 g5 40. Nxg5+ Kf6
41. gxf4 Re8 42. Nge4+ 1-0

[Event "AUTO-OPEN-3357"]
[Site "http://www.queenalice.com/game.php?id=1315388"]
[Date "2014.10.14"]
[Round "1"]
[White "MessiahG"]
[Black "Mariahi"]
[Result "0-1"]
[WhiteElo "2043"]
[BlackElo "1866"]

1. d4 d6 2. e4 Nf6 3. Nc3 g6 4. f4 Bg7 5. Bc4 O-O 6. Nf3 Nxe4 7. Nxe4 d5 8. Bxd5
Qxd5 9. Qe2 Nc6 10. c3 Bf5 11. Nfd2 f6 12. g4 Bxe4 13. Nxe4 e5 14. Qf3 Rad8 15.
Be3 exf4 16. Qxf4 Rde8 17. Ng3 f5 18. Kd2 fxg4 19. Qxg4 Qg2+ 20. Qe2 Qd5 21. Qg4
Ne5 22. Qe2 Nc4+ 0-1

[Event "AUTO-OPEN-3357"]
[Site "http://www.queenalice.com/game.php?id=1315413"]
[Date "2014.10.14"]
[Round "1"]
[White "Modaste"]
[Black "MessiahG"]
[Result "0-1"]
[WhiteElo "2190"]
[BlackElo "1964"]

1. d4 d6 2. e4 Nf6 3. Bd3 g6 4. Ne2 Bg7 5. Be3 e5 6. dxe5 dxe5 7. O-O O-O 8. h3
b6 9. Nd2 Bb7 10. Ng3 Nbd7 11. Qe2 Qe7 12. Rad1 a5 13. f4 Nc5 14. f5 Nxd3 15.
cxd3 Ba6 16. Nf3 Rad8 17. Ne1 Rd7 18. Rf3 h6 19. fxg6 fxg6 20. Kh2 Kh7 21. Bc1
Rf7 22. Nc2 Qd8 23. b3 c5 24. Bb2 b5 25. Bxe5 Ng4+ 26. hxg4 Qh4+ 27. Kg1 Bxe5
28. Nf1 Kg7 29. Nce3 Bd4 30. Rh3 Qg5 31. Kh1 b4 32. Nd2 Bxe3 33. Rxe3 Rf4 34.
Nc4 Bxc4 35. dxc4 Rxd1+ 36. Qxd1 Rxg4 37. Qd7+ Kh8 38. Rf3 Qc1+ 39. Kh2 Rh4+ 40.
Rh3 Qf4+ 41. Kg1 Qc1+ 42. Kf2 Qc2+ 43. Kg3 Rxh3+ 44. Kxh3 Qxa2 45. Qe8+ Kg7 46.
Qe7+ Kg8 47. Qe6+ Kg7 48. e5 Qxb3+ 49. g3 Qf3 50. Qe7+ Kg8 51. Qxc5 b3 52. Qxa5
b2 53. Qd8+ Qf8 54. Qd5+ Kh8 0-1

[Event "AUTO-OPEN-3357"]
[Site "http://www.queenalice.com/game.php?id=1315414"]
[Date "2014.10.14"]
[Round "1"]
[White "MessiahG"]
[Black "Modaste"]
[Result "1-0"]
[WhiteElo "1836"]
[BlackElo "2208"]

1. e4 e5 2. Nf3 Nc6 3. Bb5 Bc5 4. c3 Qe7 5. Qe2 Nf6 6. h3 O-O 7. d3 h6 8. Nbd2
a6 9. Ba4 d5 10. O-O b5 11. Bb3 d4 12. Nh4 Nh7 13. Ng6 Qf6 14. Nxf8 Nxf8 15. Qf3
Qg6 16. Qg3 Qxg3 17. fxg3 dxc3+ 18. Kh2 cxd2 19. Bxf7+ Kh7 20. Bd5 Bb7 21. Bxd2
Nd8 22. Rac1 Bd6 23. Ba5 Nfe6 24. g4 Bxd5 25. exd5 Nc5 26. Bxc7 Nxd3 27. Bxd6
Nxc1 28. Rxc1 Nf7 29. Rc6 Rd8 30. Bb4 Rxd5 31. Rxa6 e4 32. Bc3 Nd6 33. Ra7 Rg5
34. Kg3 h5 35. Kf4 Rg6 36. g5 Kg8 37. h4 e3 38. Re7 Nc4 39. b3 Nb6 40. Kf5 Kh7
41. Rxe3 Nd5 42. Rd3 Nxc3 43. Rxc3 Ra6 44. Rc2 g6+ 45. Kf4 Kg8 46. g4 Rd6 47.
Re2 Ra6 48. gxh5 gxh5 49. Kf5 Kf7 50. g6+ 1-0

[Event "AUTO-OPEN-3357"]
[Site "http://www.queenalice.com/game.php?id=1315432"]
[Date "2014.10.14"]
[Round "1"]
[White "italomachado"]
[Black "MessiahG"]
[Result "0-1"]
[WhiteElo "1499"]
[BlackElo "1634"]

1. e4 c5 2. Qf3 e6 3. Nh3 h6 4. Qh5 Nf6 5. Qf3 Nc6 6. Qf4 b6 7. e5 Nd5 8. Qf3
Nxe5 9. Qe2 Ng6 10. d3 Bb7 11. Qh5 Be7 12. Bg5 Nf6 13. Bxf6 Bxf6 14. Be2 Bxb2
15. O-O Bxa1 16. f4 Bd4+ 17. Kh1 O-O 18. Bf3 Bxf3 19. Rxf3 Qh4 20. g4 Qe1+ 21.
Kg2 Nh4+ 22. Qxh4 Qxh4 23. Nd2 Qxg4+ 24. Rg3 Qe2+ 25. Nf2 Qxf2+ 26. Kh3 Qxd2 27.
Rg4 h5 28. Rg5 g6 29. Kh4 Qxf4+ 30. Rg4 Qxg4# 0-1

[Event "AUTO-ADV-3286"]
[Site "http://www.queenalice.com/game.php?id=1321777"]
[Date "2014.11.12"]
[Round "1"]
[White "MessiahG"]
[Black "Boeing"]
[Result "1-0"]
[WhiteElo "2058"]
[BlackElo "1880"]

1. b4 e5 2. Bb2 Bd6 3. e4 Nf6 4. b5 O-O 5. Nf3 c6 6. a4 Qa5 7. Bc4 cxb5 8. axb5
Qb4 9. Ba3 Qxc4 10. Bxd6 Re8 11. d3 Qxb5 12. Bxb8 Rxb8 13. Rxa7 Ng4 14. O-O d5
15. Nbd2 dxe4 16. Nxe4 Rd8 17. Qa1 Bf5 18. Ra5 Qb4 19. Nxe5 Nxe5 20. Rb1 Qd4 21.
Qxd4 Rxd4 22. Rxe5 Bxe4 23. Rxe4 Rxe4 24. dxe4 Kf8 25. Kf1 Ke7 26. f4 Kd6 27.
Ke2 b5 28. Kd3 Kc5 29. c3 Rd8+ 30. Kc2 g6 31. Rd1 Rxd1 32. Kxd1 h6 33. Kd2 f6
34. Kd3 f5 35. e5 Kd5 36. h3 g5 37. g3 gxf4 38. gxf4 h5 39. h4 Ke6 40. Kd4 Ke7
41. Kd5 Kd7 42. e6+ Ke7 43. Ke5 Ke8 44. Kf6 Kf8 45. Kxf5 Ke7 46. Ke5 Ke8 47. f5
1-0

[Event "AUTO-ADV-3286"]
[Site "http://www.queenalice.com/game.php?id=1321778"]
[Date "2014.11.12"]
[Round "1"]
[White "Boeing"]
[Black "MessiahG"]
[Result "0-1"]
[WhiteElo "1882"]
[BlackElo "1978"]

1. e4 c5 2. c4 Nc6 3. Nf3 g6 4. Bd3 Bg7 5. O-O e6 6. a3 Nge7 7. Nc3 O-O 8. Re1
Qc7 9. Nb5 Qb8 10. e5 Nxe5 11. Nxe5 Bxe5 12. g3 a6 13. Nc3 b6 14. Be4 Ra7 15. b4
Bg7 16. bxc5 bxc5 17. Rb1 Qc7 18. Na4 d6 19. Bb2 e5 20. d4 cxd4 21. Qc1 Bd7 22.
Qc2 Qa5 23. Ba1 Bxa4 24. Qe2 Rc8 25. Rec1 d5 26. cxd5 Rxc1+ 27. Rxc1 Nxd5 28.
Rc8+ Bf8 29. Bf3 Ne7 30. Rb8 Bb5 31. Qb2 Qe1+ 0-1

[Event "AUTO-ADV-3286"]
[Site "http://www.queenalice.com/game.php?id=1321779"]
[Date "2014.11.12"]
[Round "1"]
[White "MessiahG"]
[Black "Canaye"]
[Result "1/2-1/2"]
[WhiteElo "1722"]
[BlackElo "1818"]

1. e4 e6 2. d4 d5 3. Nc3 dxe4 4. Nxe4 Nd7 5. Nf3 Ngf6 6. Nxf6+ Nxf6 7. Bg5 Be7
8. Bd3 h6 9. Be3 Nd5 10. O-O Nxe3 11. fxe3 O-O 12. e4 c5 13. c3 cxd4 14. cxd4 a6
15. e5 Qb6 16. b3 Bd7 17. Be4 Rad8 18. Qe2 Bc6 19. Bxc6 Qxc6 20. Rac1 Qb6 21.
Rc2 Rd5 22. Qc4 Rfd8 23. Qc7 Qxc7 24. Rxc7 R8d7 25. Rfc1 Kh7 26. Rxd7 Rxd7 27.
a4 Bb4 28. Rc4 a5 29. g4 Kg6 30. h4 h5 31. g5 Kf5 32. Kf2 Be7 33. Ke3 Bd8 34.
Nd2 Bb6 35. b4 axb4 36. Rxb4 Ba7 37. Nf3 Kg4 38. Ke4 Kg3 39. Ke3 Rc7 1/2-1/2

[Event "AUTO-ADV-3286"]
[Site "http://www.queenalice.com/game.php?id=1321780"]
[Date "2014.11.12"]
[Round "1"]
[White "Canaye"]
[Black "MessiahG"]
[Result "0-1"]
[WhiteElo "1794"]
[BlackElo "1746"]

1. d4 b5 2. c4 b4 3. e3 Bb7 4. Nf3 Nf6 5. Qa4 e6 6. Nfd2 c5 7. dxc5 Bxc5 8. a3
a5 9. Nf3 Nc6 10. Be2 Qc7 11. O-O O-O 12. Nbd2 d5 13. Qd1 Ne5 14. b3 bxa3 15.
Bxa3 Bb4 16. Bxb4 axb4 17. Nxe5 Qxe5 18. Rxa8 Rxa8 19. c5 Qc3 20. Qc1 Rc8 21.
Qxc3 bxc3 22. Nf3 Rxc5 23. h3 Ne4 24. Rc1 Rc6 25. b4 Rb6 26. b5 Bc8 27. Nd4 e5
28. Nc6 Bd7 29. Ne7+ Kf8 30. Nxd5 Rd6 31. Nxc3 Nxc3 32. Rxc3 Rb6 33. Rc5 f6 34.
f3 Ke7 35. e4 Be6 36. Rc7+ Bd7 37. Kf2 Kd6 38. Ra7 g6 39. g3 h6 40. Ra6 Kc5 41.
Rxb6 Kxb6 42. Ke3 Bxb5 43. Bxb5 Kxb5 44. f4 Kc5 45. g4 g5 46. f5 Kc4 47. Ke2 Kd4
48. Kf3 Kd3 49. Kg3 Kxe4 50. h4 gxh4+ 51. Kxh4 Kf4 52. g5 hxg5+ 53. Kh3 e4 54.
Kg2 e3 55. Kf1 g4 56. Ke2 g3 57. Kf1 Kf3 58. Ke1 g2 0-1

[Event "AUTO-ADV-3286"]
[Site "http://www.queenalice.com/game.php?id=1321781"]
[Date "2014.11.12"]
[Round "1"]
[White "MessiahG"]
[Black "solzhenitsyn"]
[Result "1-0"]
[WhiteElo "2034"]
[BlackElo "1949"]

1. b4 Nf6 2. Bb2 e6 3. b5 b6 4. e3 Bb7 5. Nf3 Bb4 6. Be2 O-O 7. O-O Re8 8. Bc4
d5 9. Bb3 Nbd7 10. d4 Rc8 11. Nbd2 a6 12. a4 a5 13. c4 dxc4 14. Bxc4 c5 15. Rc1
Bxd2 16. Nxd2 Nd5 17. Qb3 Qg5 18. Ne4 Qe7 19. Nc3 Nxc3 20. Qxc3 Qg5 21. f3 h5
22. h4 Qg3 23. Bd3 cxd4 24. Qxd4 Rxc1 25. Rxc1 Bxf3 26. Rc2 Nc5 27. Rf2 Bd5 28.
Bb1 Qg4 29. e4 Bxe4 30. Bxe4 Nxe4 31. Rf4 Qg6 32. Qxe4 Qxe4 33. Rxe4 Rd8 34. Rd4
Rxd4 35. Bxd4 1-0

[Event "AUTO-ADV-3286"]
[Site "http://www.queenalice.com/game.php?id=1321782"]
[Date "2014.11.12"]
[Round "1"]
[White "solzhenitsyn"]
[Black "MessiahG"]
[Result "0-1"]
[WhiteElo "1940"]
[BlackElo "2006"]

1. d4 c6 2. e4 d5 3. e5 Bf5 4. Bd3 Bxd3 5. Qxd3 e6 6. Nf3 Nd7 7. Bg5 Qc7 8. O-O
c5 9. c3 Be7 10. Bxe7 Nxe7 11. Nbd2 c4 12. Qc2 Ng6 13. b3 b5 14. b4 O-O 15. a4
a6 16. axb5 axb5 17. Rxa8 Rxa8 18. g3 Nb6 19. Ng5 h6 20. Ngf3 Ra3 21. Qb2 Qa7
22. Kg2 Ne7 23. h3 Ra2 24. Qb1 Qa3 25. Qc1 Na4 26. Qxa3 Rxa3 27. Rc1 Nxc3 28.
Nb1 Nxb1 29. Rxb1 Nc6 30. h4 Ra4 0-1

[Event "Challenge"]
[Site "http://www.queenalice.com/game.php?id=1327091"]
[Date "2014.12.9"]
[Round "-"]
[White "jpribeiro"]
[Black "MessiahG"]
[Result "0-1"]
[WhiteElo "1932"]
[BlackElo "2073"]

1. Nf3 c5 2. g3 Nc6 3. Bg2 g6 4. O-O Bg7 5. Nc3 Nf6 6. d3 O-O 7. Bg5 d6 8. Qd2
Qc7 9. Bxf6 Bxf6 10. Nd5 Qd7 11. Nxf6+ exf6 12. Qc3 Ne5 13. Nxe5 fxe5 14. a4 Rb8
15. a5 b6 16. axb6 axb6 17. Ra4 Qxa4 18. b3 Qb4 19. Qb2 Bb7 20. Bh3 Ra8 21. Bd7
Qd2 0-1

[Event "Challenge"]
[Site "http://www.queenalice.com/game.php?id=1327550"]
[Date "2014.12.12"]
[Round "-"]
[White "armin"]
[Black "MessiahG"]
[Result "0-1"]
[WhiteElo "1500"]
[BlackElo "2058"]

1. Nf3 c5 2. c4 Nc6 3. Nc3 Nf6 4. g3 e6 5. Bg2 d5 6. cxd5 exd5 7. d4 c4 8. Bg5
Be6 9. Qa4 Bb4 10. Ne5 Bxc3+ 11. bxc3 Qc7 12. Bxf6 gxf6 13. Nxc6 bxc6 14. O-O
O-O 15. Rab1 c5 16. dxc5 Rfb8 17. e4 Qxc5 18. Rxb8+ Rxb8 19. exd5 Bf5 20. Bf3
Bd3 21. Rd1 Rb2 22. Qe8+ Kg7 23. Qe1 Qa3 24. Be4 Re2 25. Qf1 Rxe4 26. Rxd3 cxd3
27. Qxd3 Re1+ 28. Kg2 Rc1 29. d6 Rxc3 30. Qd4 Qc5 31. Qg4+ Qg5 32. Qd4 Rc5 33.
d7 Qd5+ 34. Qxd5 Rxd5 35. h4 Rxd7 36. h5 Rd2 37. Kh3 Rxa2 38. f4 a5 39. Kh4 a4
40. Kg4 a3 41. Kf5 Re2 42. g4 a2 43. g5 a1=Q 44. h6+ Kg8 45. gxf6 Qb1+ 0-1